Biblioteca

Los documentos de Qumrán / M. Jiménez, F. Bonhomme (Registro nro. 42437)

Detalles MARC
000 -LÍDER
Campo fijo de descripción fija 009270000a22001810004500
001 - NÚMERO DE CONTROL
Campo de control 13460
041 0# - CÓDIGO DE IDIOMA
Código de idioma para texto/pista de sonido o título separado
082 04 - NÚMERO DE CLASIFICACIÓN DECIMAL DEWEY
Número de clasificación G 296.815 B714d
100 1# - ASIENTO PRINCIPAL--NOMBRE PERSONAL
Nombre personal Jiménez, M.
245 10 - TÍTULO
Título del Material Los documentos de Qumrán / M. Jiménez, F. Bonhomme
260 ## - PUBLICACIÓN, DISTRIBUCIÓN, ETC. (PIE DE IMPRENTA)
Lugar de publicación, distribución, etc. Madrid : Cristiandad
300 ## - DESCRIPCIÓN FÍSICA
Extensión 255 Pag
336 ## - CONTENT TYPE
Content type term texto
Content type code txt
Source rdacontent
337 ## - MEDIA TYPE
Source rdamedia
Media type term sin mediación
Media type code n
338 ## - CARRIER TYPE
Source rdacarrier
Carrier type term volumen
Carrier type code nc
505 00 - NOTA DE CONTENIDO
Nota de contenido con formato preestablecido - Regla de la Congregación de los habitantes del desierto de Judá - Documento de Damasco - Documento de las dos columnas - Los himnos de Qumrán - Fragmentos de himnos - Manual de la guerra de los hijos de la luz contra los hijos de las tinieblas - Comentarios bíblicos: Habacuc, Melquisedec, Samuel, Isaías, Nahún, Oseas, Miqueas, - Bendiciones patriarcales - Colección de oraciones litúrgicas - El rollo de los Salmos - Florilegio - Los rollos de cobre - El rollo del templo
942 ## - TIPO DE MATERIAL (KOHA)
Tipo de Item KOHA Libros General
Existencias
Estado de Material Estado de Perdido Estado de Dañado No para Préstamo Colección Tomo Biblioteca de Origen Biblioteca Permanente Fecha de Adquisición Total de Préstamos Signatura Topográfica Código de Barras Última vez visto Ejemplar/Existencia Fecha de Remplazo Tipo de Material
        Colección General   Biblioteca FUSBC Biblioteca FUSBC 30/12/2005   G 296.815 B714d 15563 12/12/2019 2016-12-02 26/01/2016 Libros General

Biblioteca FUSBC | Teléfono: (57+4) 349 88 10 Ext. 141| WhatsApp (+57) 3005338115 
E-mail: biblioteca@unisbc.edu.co | Calle 76 87-14 Robledo Palenque, Medellín, Colombia

Con tecnología Koha